| 000 | 00721nmm a2200241 i 4500 | ||
|---|---|---|---|
| 001 | bg | ||
| 245 | 0 | 0 |
_aSchritte international 1/2 _h[Dokument filmowy]. |
| 260 |
_aIsmaning : _bHueber Verlag, _ccop. 2008. |
||
| 300 |
_a1 płyta wiz. (DVD) (40 min.) : _bdźw., kolor. ; _c12 cm. |
||
| 500 | _aTyt. z etykiety na dysku. | ||
| 500 | _aNa pojemniku podtyt.: Deutsch als Fremdsprache. | ||
| 500 | _aPojemnik : 20x14x2 cm. | ||
| 650 | 9 | _aJęzyk niemiecki | |
| 655 | _aPodręczniki | ||
| 655 | _aDokumenty audiowizualne | ||
| 020 | _a9783193018519 | ||
| 040 | _cBPK | ||
| 041 | 0 | _ager | |
| 044 | _aDEU | ||
| 080 | _a811.112.2(075.3-021.66)(0.86.82) | ||
| 942 | _cDVD | ||
| 008 | s pl f |000 0 pol | ||
| 999 |
_c41238 _d41238 |
||
| 856 |
_uhttp://koha.tu.koszalin.pl/cgi-bin/koha/opac-detail.pl?biblionumber=41238 _yKatalog online BPK |
||